Statistics for Valentine's Day Scramble

Click here to take the quiz!

General Stats

  • This quiz has been taken 591 times
    (582 since last reset)
  • The average score is 12 of 21

Answer Stats

HintAnswer% Correct
VDOEDove
98%
SIKSKiss
93%
DNYCACandy
88%
DCRACard
88%
PICDUCupid
87%
RHEATHeart
84%
ANIVLEETNValentine
84%
WEFLROFlower
83%
CETOLOHACChocolate
80%
RSESORoses
75%
SHURCCrush
68%
ROPEYTPoetry
39%
MIDERAAdmire
37%
BRAEFURYFebruary
34%
ASNIOPSPassion
34%
MANCIROTRomantic
32%
FRUMPEEPerfume
30%
RILGNADDarling
28%
WEATHERESTSweetheart
24%
EBCRAMEEmbrace
18%
Candy BoxAphrodite
7%

Score Distribution

Percentile by Number Answered

Percent of People with Each Score

Your Score History

You have not taken this quiz since the last reset